000 00565nam a2200193Ia 4500
005 20250326142607.0
008 250326s9999 xx 000 0 und d
020 _a0 19 562851 9
037 _aTextbook
040 _aFMSL
_beng
_cFMSL
041 _aeng
_2eng
084 _aX:97.44 N2;1
_qFMSL
100 _aJohri CK
_9744399
245 0 _aIndustrialism and employment Systems in India
_cJohri CK
260 _aDelhi
_bDelhi, Indian Institute of Advanced study
_c1992
300 _a253p
942 _cTB
_hX:97.44 N2;1
999 _c1295746
_d1295746